Statystyki dla Wszystkie stolice na literę "b"

Kliknij tutaj aby rozwiązać quiz!

Ogólne statystyki

  • Ten quiz został rozwiązany 120 razy
  • Średni wynik to 16 z 25

Statystyki odpowiedzi

KrajStolica% Poprawnych
ArgentynaBuenos Aires
95%
NiemcyBerlin
94%
BelgiaBruksela
93%
WęgryBudapeszt
93%
SzwajcariaBerno
92%
SłowacjaBratysława
92%
RumuniaBukareszt
92%
BrazyliaBrasilia
87%
SerbiaBelgrad
84%
AzerbejdżanBaku
83%
KolumbiaBogota
76%
IrakBagdad
71%
TajlandiaBangkok
70%
LibanBejrut
56%
Gwinea BissauBissau
53%
KirgistanBiszkek
49%
BelizeBelmopan
41%
MaliBamako
37%
KongoBrazzaville
37%
BruneiBandar Seri Begawan
35%
BarbadosBridgetown
32%
Republika ŚrodkowoafrykańskaBangi
31%
GambiaBandżul
30%
Saint Kitts i NevisBasseterre
23%
KiribatiBairiki
21%

Rozkład punktacji

Percentyl według liczby udzielonych odpowiedzi

Procent ludzi z każdym wynikiem

Twoja historia wyników

Nie rozwiązałeś tego quizu